000
00298nam a2200133Ia 4500
100
_a
Krasnov/Kiselev
942
_c
BK
654
_a
Integral Equations
245
_a
Problems & Exercices in integral Equations
260
_b
Mir Publishers
082
_a
515
300
_a
214
546
_a
ENGLISH
999
_c
33215
_d
33215